Плазмодинамический синтез дисперсных оксидов железа с высоким содержанием эпсилон фазы в высокоскоростной струе электроразрядной плазмы: диссертация на соискание ученой степени кандидата технических наук; спец. 05.14.12; 05.09.02

Bibliografische gegevens
Hoofdauteur: Шаненков И. И. Иван Игоревич
Coauteur: Национальный исследовательский Томский политехнический университет Инженерная школа энергетики Отделение электроэнергетики и электротехники (ОЭЭ)
Andere auteurs: Сивков А. А. Александр Анатольевич (научный руководитель)
Samenvatting:Заглавие с титульного экрана
Электронная версия печатной публикации
Taal:Russisch
Gepubliceerd in: Томск, 2018
Onderwerpen:
Online toegang:http://earchive.tpu.ru/handle/11683/52749
Formaat: MixedMaterials Elektronisch Boek
KOHA link:https://koha.lib.tpu.ru/cgi-bin/koha/opac-detail.pl?biblionumber=341543

MARC

LEADER 00000nlm0a2200000 4500
001 341543
005 20240215112704.0
035 |a (RuTPU)RU\TPU\book\369583 
035 |a RU\TPU\book\369582 
090 |a 341543 
100 |a 20181005d2018 k y0rusy50 ca 
101 0 |a rus 
102 |a RU 
105 |a a m 000zy 
135 |a drcn ---uucaa 
181 0 |a i  
182 0 |a b 
200 1 |a Плазмодинамический синтез дисперсных оксидов железа с высоким содержанием эпсилон фазы в высокоскоростной струе электроразрядной плазмы  |e диссертация на соискание ученой степени кандидата технических наук  |e спец. 05.14.12  |e 05.09.02  |f И. И. Шаненков  |g Национальный исследовательский Томский политехнический университет ; науч. рук. А. А. Сивков 
203 |a Текст  |c электронный 
210 |a Томск  |d 2018 
215 |a 1 файл (6 937 KB) 
300 |a Заглавие с титульного экрана 
300 |a Электронная версия печатной публикации 
452 1 |0 (RuTPU)RU\TPU\book\370732  |t Плазмодинамический синтез дисперсных оксидов железа с высоким содержанием эпсилон фазы в высокоскоростной струе электроразрядной плазмы  |o диссертация на соискание ученой степени кандидата технических наук  |o спец. 05.14.12  |o спец. 05.09.02  |f И. И. Шаненков  |g Национальный исследовательский Томский политехнический университет (ТПУ) ; науч. рук. А. А. Сивков  |c Томск  |n [Б. и.]  |d 2018  |p 156 л.  |a Шаненков, Иван Игоревич 
606 1 |a Железо  |x Оксиды  |2 stltpush  |3 (RuTPU)RU\TPU\subj\78262  |9 87809 
606 1 |a Плазма  |x Динамика  |2 stltpush  |3 (RuTPU)RU\TPU\subj\48888  |9 67706 
610 1 |a электронный ресурс 
610 1 |a диссертации 
610 1 |a труды учёных ТПУ 
610 1 |a плазмодинамический синтез 
610 1 |a электрофизические методы 
610 1 |a магнитоплазменные ускорители 
610 1 |a высоковольтные системы 
610 1 |a генерация 
610 1 |a распыления 
610 1 |a кристаллизация 
610 1 |a железные электроды 
610 1 |a энергетические параметры 
610 1 |a дисперсные оксиды 
610 1 |a оксиды железа 
610 1 |a фазы 
610 1 |a высокоскоростные струи 
610 1 |a электроразрядная плазма 
675 |a 661.87(04)  |v 4 
675 |a 533.95(04)  |v 4 
686 |a 05.14.12  |2 oksvnk 
686 |a 05.09.02  |2 oksvnk 
700 1 |a Шаненков  |b И. И.  |c специалист в области электроэнергетики  |c доцент Томского политехнического университета, кандидат наук  |f 1990-  |g Иван Игоревич  |3 (RuTPU)RU\TPU\pers\31744  |9 15856 
702 1 |a Сивков  |b А. А.  |c специалист в области электроэнергетики  |c профессор Томского политехнического университета, доктор технических наук  |f 1951-  |g Александр Анатольевич  |3 (RuTPU)RU\TPU\pers\26846  |4 727  |9 12465 
712 0 2 |a Национальный исследовательский Томский политехнический университет  |b Инженерная школа энергетики  |b Отделение электроэнергетики и электротехники (ОЭЭ)  |3 (RuTPU)RU\TPU\col\23505 
801 2 |a RU  |b 63413507  |c 20190212  |g RCR 
856 4 |u http://earchive.tpu.ru/handle/11683/52749 
942 |c CF